| 000 | 02351nam a2200445 i 4500 | ||
|---|---|---|---|
| 001 | ebr10763646 | ||
| 003 | CaPaEBR | ||
| 006 | m o d | ||
| 007 | cr cn||||||||| | ||
| 008 | 130524t20132013caua ob 001 0 eng|d | ||
| 020 | _z9780520277809 (cloth : acid-free paper) | ||
| 020 | _z9780520277816 | ||
| 020 | _a9780520956858 (e-book) | ||
| 040 |
_aCaPaEBR _beng _erda _epn _cCaPaEBR |
||
| 035 | _a(OCoLC)861535343 | ||
| 043 | _aaw----- | ||
| 050 | 1 | 4 |
_aDS62.8 _b.K366 2013eb |
| 082 | 0 | 4 |
_a956.04 _223 |
| 100 | 1 |
_aKamrava, Mehran, _d1964- |
|
| 245 | 1 | 4 |
_aThe modern Middle East : _ba political history since the First World War / _cMehran Kamrava. |
| 250 | _aThird edition. | ||
| 264 | 1 |
_aBerkeley : _bUniversity of California Press, _c[2013] |
|
| 264 | 4 | _c�2013 | |
| 300 |
_a1 online resource (572 pages) : _billustrations, maps |
||
| 336 |
_atext _2rdacontent |
||
| 337 |
_acomputer _2rdamedia |
||
| 338 |
_aonline resource _2rdacarrier |
||
| 504 | _aIncludes bibliographical references and index. | ||
| 505 | 0 | _aPart I. A political history of the Middle East -- From Islam to the Great War -- From territories to independent states -- The age of nationalism -- The Arab-Israel wars -- The Iranian revolution -- The Gulf wars and beyond -- Part II. Issues in Middle Eastern politics -- States and their opponents -- Repression and rebellion -- The Palestinian-Israeli conflict -- The challenge of economic development -- Challenges facing the Middle East. | |
| 588 | _aDescription based on print version record. | ||
| 590 | _aElectronic reproduction. Palo Alto, Calif. : ebrary, 2013. Available via World Wide Web. Access may be limited to ebrary affiliated libraries. | ||
| 651 | 0 |
_aMiddle East _xHistory _y20th century. |
|
| 651 | 0 |
_aMiddle East _xHistory _y21st century. |
|
| 651 | 0 |
_aMiddle East _xPolitics and government _y20th century. |
|
| 651 | 0 |
_aMiddle East _xPolitics and government _y21st century. |
|
| 655 | 0 | _aElectronic books. | |
| 776 | 0 | 8 |
_iPrint version: _aKamrava, Mehran. _tModern Middle East : a political history since the First World War. _dBerkeley : University of California Press, [2013] _hxix, 550 pages _z9780520277816 _w(DLC) 2013018594 |
| 797 | 2 | _aebrary. | |
| 856 | 4 | 0 |
_uhttp://site.ebrary.com/lib/rucke/Doc?id=10763646 _zAn electronic book accessible through the World Wide Web; click to view |
| 999 |
_c122467 _d122467 |
||